Cvetnaja metallurgija : Naučnyje poiski, perspektivy

Salvato in:
Dettagli Bibliografici
Natura: Libro
Lingua:russo
Pubblicazione: Moskva : Nauka, 1976
Soggetti:
Tags: Aggiungi Tag
Nessun Tag, puoi essere il primo ad aggiungerne!!

MARC

LEADER 00000nam a22000003a 4500
001 stu43391
005 20141122020812.7
008 940913s1976----xxr-----------------rus-d
040 |a STU  |b slo 
041 0 |a rus 
044 |a xxr 
080 |a 669.2/.8 
245 |a Cvetnaja metallurgija :  |b Naučnyje poiski, perspektivy 
260 |a Moskva :  |b Nauka,  |c 1976 
300 |a 312 s 
650 7 |a Metalurgia kovov  |2 stusub 
650 7 |a kovy neželezné  |2 stusub 
996 |b 284M021628  |c M*8743-1  |l MMKN  |s A  |a 24  |w stu43391_0001